| 000 | 00959nam a22002537a 4500 | ||
|---|---|---|---|
| 003 | OSt | ||
| 005 | 20150408114216.0 | ||
| 008 | 140512s2014 enk g b 001 0 eng d | ||
| 020 | _a9780415867580 | ||
| 040 | _aMa-Un | ||
| 082 | 0 | 0 |
_222 _a420.941 _bCTP |
| 100 | 1 |
_aCrowley, Tony _944745 |
|
| 245 | 1 | 0 |
_aProper English? : _breadings in language, history, and cultural identity / _cTony Crowley. |
| 260 |
_aLondon ; _aNew York : _bRoutledge, _c2014 _m[1435]. |
||
| 300 |
_ax, 268 p. ; _c22 cm. |
||
| 490 | _aPolitics of language | ||
| 504 | _aIncludes bibliographical references and index. | ||
| 650 |
_aEnglish language _zGreat Britain _xStandardization _xSources _944746 |
||
| 650 |
_aEnglish language _xSocial aspects _z Great Britain _xSources _944747 |
||
| 650 |
_aSpeech and social status _zGreat Britain _xSources _944748 |
||
| 650 |
_aLanguage and culture _zGreat Britain _xSources _944749 |
||
| 650 |
_aStandard language _xSources _944750 |
||
| 942 |
_2ddc _cBOOK |
||
| 999 |
_c34916 _d269416 |
||